Ekonometrija strukturnych izmerenij s primenenijem splajn-funkcij

Salvato in:
Dettagli Bibliografici
Autore principale: Poirier, Dale J.
Natura: Libro
Lingua:russo
Pubblicazione: Moskva Finansy i statistika 1981
Tags: Aggiungi Tag
Nessun Tag, puoi essere il primo ad aggiungerne!!

MARC

LEADER 00000nam a2200000 4500
001 c119123
005 20041019155213.3
041 0 |a rus 
044 |a RU 
245 1 0 |a Ekonometrija strukturnych izmerenij  |b s primenenijem splajn-funkcij  |c Dale J. Poirier 
264 1 |a Moskva  |b Finansy i statistika  |c 1981 
300 |a 180 s. 
100 1 |a Poirier, Dale J.